FNAF 2 ANIMATRONICS - Statistiques

Statistiques générales
  • Ce quiz a été pris 181 fois
  • Le résultat moyen est 13 sur 15
Statistiques - réponses
Par images Réponse % Correct
Puppet
97%
Toy Chica
97%
Toy Bonnie
96%
Toy Freddy
96%
Mangle
93%
Balloon Boy
90%
Endo
86%
Withered Bonnie
80%
Withered Chica
80%
Withered Freddy
79%
Shadow Bonnie
78%
Withered Foxy
78%
Shadow Freddy
77%
Withered Golden Freddy
71%
JJ
58%
Aucun quiz correspondant
Distribution des résultats
% des personnes avec chaque résultat
Percentile par nombre de réponses
Votre historique - résultats
Vous n’avez pas pris ce quiz